LIBRARY ONLINE CATALOGUE

Managerial accounting / (Record no. 5862)

MARC details
000 -LEADER
fixed length control field 00714nam a22002292 4500
001 - CONTROL NUMBER
control field 0000002447
005 - DATE AND TIME OF LATEST TRANSACTION
control field 20151217151854.0
008 - FIXED-LENGTH DATA ELEMENTS--GENERAL INFORMATION
fixed length control field 070411s xx 000 0 eng d
040 ## - CATALOGING SOURCE
Original cataloging agency KABU
Transcribing agency KABU
050 #0 - LIBRARY OF CONGRESS CALL NUMBER
Classification number HF5657.4
Item number .E544 1993
100 1# - MAIN ENTRY--PERSONAL NAME
Personal name Engler, Calvin.
-- 0000151812
245 10 - TITLE STATEMENT
Title Managerial accounting /
Statement of responsibility, etc. Calvin Engler.
250 ## - EDITION STATEMENT
Edition statement 3rd ed.
260 ## - PUBLICATION, DISTRIBUTION, ETC. (IMPRINT)
Place of publication, distribution, etc. Homewood, Illinois :
Name of publisher, distributor, etc. Irwin,
Date of publication, distribution, etc. 1993.
300 ## - PHYSICAL DESCRIPTION
Extent 998 p.
650 #0 - SUBJECT ADDED ENTRY--TOPICAL TERM
Topical term or geographic name as entry element Managerial accounting.
-- 0000151472
908 ## - PUT COMMAND PARAMETER (RLIN)
Put command parameter 070411
950 ## - LOCAL HOLDINGS (RLIN)
-- 1
Holdings
Withdrawn status Lost status Source of classification or shelving scheme Not for loan Home library Current library Date acquired Total Checkouts Full call number Barcode Date last seen Price effective from Koha item type Date last checked out
    Library of Congress Classification   Kabarak, Main Campus Kabarak, Main Campus 17/12/2015   HF5657.4 .E544 1993 003326 17/12/2015 17/12/2015 General Collection  
    Library of Congress Classification   Kabarak, Main Campus Kabarak, Main Campus 17/12/2015   HF5657.4 .E544 1993 003327 17/12/2015 17/12/2015 General Collection  
    Library of Congress Classification   Kabarak, Main Campus Kabarak, Main Campus 17/12/2015 1 HF5657.4 .E544 1993 003328 25/11/2021 17/12/2015 General Collection 18/11/2021